000 00320nam a22001217a 4500
082 _a297.24 BIS
100 _aBiswas, Chitranjan
245 _aA Christian Evaluation of Isa (Jesus): In the Holy Quran
260 _aJabalpur
_bLeonard Theological College
_c1965
300 _a38
650 _aIslam-Prophecy
942 _cRRB
999 _c20377
_d20377